[Event "Recife Arraes Memorial 7th"]
[Site "Recife"]
[Date "2014.08.30"]
[Round "3"]
[White "Dos Anjos, Avner Augusto"]
[Black "Pinheiro, Rafael Alves"]
[Result "0-1"]
[WhiteElo "1873"]
[BlackElo "1743"]
[PlyCount "97"]
[EventDate "2014.08.29"]
[EventType "swiss"]
[EventRounds "6"]
[EventCountry "BRA"]
[SourceTitle "EXT 2015"]
[Source "ChessBase"]
[SourceDate "2014.11.20"]
[SourceVersion "1"]
[SourceVersionDate "2014.11.20"]
[SourceQuality "1"]

1. e4 e5 2. Nf3 Nc6 3. Bc4 Bc5 4. c3 Nf6 5. d4 exd4 6. cxd4 Bb4+ 7. Nc3 Nxe4 8. 0-0 Bxc3 9. bxc3 d5 10. Bd3 0-0 11. c4 Bg4 12. cxd5 Qxd5 13. Re1 Nf6 14. Bb2 Bxf3 15. Qxf3 Qxf3 16. gxf3 Rad8 17. Rad1 Nb4 18. Bb1 Nbd5 19. Re5 Rfe8 20. Rde1 c6 21. Rxe8+ Rxe8 22. Rxe8+ Nxe8 23. Be4 Nef6 24. Kf1 Nf4 25. Bc1 N6d5 26. Bf5 g6 27. Bc8 Nd3 28. Bd2 b6 29. Bb7 Kg7 30. Bxc6 N5b4 31. Bb5 a6 32. a3 axb5 33. axb4 Kf6 34. Ke2 Nb2 35. Bc3 Nc4 36. Kd3 Kf5 37. Bd2 Nxd2 38. Kxd2 Ke6 39. Ke3 Kd5 40. Kd3 g5 41. Ke3 Kc4 42. Ke4 Kxb4 43. Ke5 Kc4 44. d5 Kc5 45. d6 Kc6 46. Kf6 Kxd6 47. Kxg5 b4 48. Kf4 b3 49. Ke3 0-1

[Event "Recife Arraes Memorial 7th"]
[Site "Recife"]
[Date "2014.08.29"]
[Round "2"]
[White "Picasso Gallego, Nicolas"]
[Black "Pinheiro, Rafael Alves"]
[Result "1-0"]
[WhiteElo "1929"]
[BlackElo "1743"]
[PlyCount "59"]
[EventDate "2014.08.29"]
[EventType "swiss"]
[EventRounds "6"]
[EventCountry "BRA"]
[SourceTitle "EXT 2015"]
[Source "ChessBase"]
[SourceDate "2014.11.20"]
[SourceVersion "1"]
[SourceVersionDate "2014.11.20"]
[SourceQuality "1"]

1. d4 d5 2. c4 c6 3. cxd5 cxd5 4. Nc3 Nf6 5. Nf3 e6 6. Bg5 Be7 7. e3 0-0 8. Bd3 Nh5 9. Bxe7 Qxe7 10. Rc1 Nc6 11. 0-0 Bd7 12. Ne5 Nf6 13. f4 Nxe5 14. fxe5 Ne8 15. Rf3 f5 16. exf6 Rxf6 17. Rg3 g6 18. Qe2 Ng7 19. e4 Qb4 20. exd5 Qxd4+ 21. Qe3 Qxe3+ 22. Rxe3 Re8 23. Ne4 Rff8 24. Nd6 Re7 25. dxe6 Bxe6 26. Bc4 Kh8 27. Rce1 Rd8 28. Rxe6 Rxe6 29. Nf7+ Kg8 30. Nxd8 1-0